Teacher Quality, Instructional Quality and Student Outcomes: Relationships Across Countries, Cohorts and Time (Record no. 18741)
[ view plain ]
| 000 -LEADER | |
|---|---|
| fixed length control field | 00657nam a2200121Ia 4500 |
| 008 - FIXED-LENGTH DATA ELEMENTS--GENERAL INFORMATION | |
| fixed length control field | 220615s9999||||xx |||||||||||||| ||und|| |
| 245 #0 - TITLE STATEMENT | |
| Title | Teacher Quality, Instructional Quality and Student Outcomes: Relationships Across Countries, Cohorts and Time |
| 546 ## - LANGUAGE NOTE | |
| Language note | English[eng] |
| 650 ## - SUBJECT ADDED ENTRY--TOPICAL TERM | |
| Topical term or geographic name entry element | Education||Teaching||Learning and Instruction||Assessment, Testing and Evaluation |
| 700 ## - ADDED ENTRY--PERSONAL NAME | |
| Personal name | Nilsen, Trude||Gustafsson, Jan-Eric |
| 856 ## - ELECTRONIC LOCATION AND ACCESS | |
| Uniform Resource Identifier | <a href="https://library.oapen.org/bitstream/20.500.12657/27946/1/1002053.pdf||https://library.oapen.org/bitstream/20.500.12657/27946/1/1002053.pdf||https://library.oapen.org/bitstream/20.500.12657/27946/1/1002053.pdf">https://library.oapen.org/bitstream/20.500.12657/27946/1/1002053.pdf||https://library.oapen.org/bitstream/20.500.12657/27946/1/1002053.pdf||https://library.oapen.org/bitstream/20.500.12657/27946/1/1002053.pdf</a> |
| 942 ## - ADDED ENTRY ELEMENTS (KOHA) | |
| Koha item type | E-Books |
| Withdrawn status | Lost status | Damaged status | Not for loan | Home library | Current library | Date acquired | Total Checkouts | Date last seen | Price effective from | Koha item type |
|---|---|---|---|---|---|---|---|---|---|---|
| Kerala University of Digital Sciences, Innovation and Technology Knowledge Centre | Kerala University of Digital Sciences, Innovation and Technology Knowledge Centre | 15/06/2022 | 15/06/2022 | 15/06/2022 | E-Books |